Una mamma e basta /
A casa di Camilla sono in tre: lei, sua mamma e il cane Gimmy. Come per tutti, la sua è la famiglia più bella del mondo, eppure un giorno la supplente le assegna un compito veramente impossibile: Disegno il papà che vorrei avere... Terzo della serie Piccola storia di una famiglia, un libro che parla...
Gardado en:
| Autor Principal: | |
|---|---|
| Outros autores: | |
| Formato: | Libro |
| Idioma: | Lingua italiana |
| Publicado: |
[Milano] :
Lo Stampatello,
2013
|
| Series: | Piccola storia di una famiglia ;
4 |
| Tags: |
Sen Etiquetas, Sexa o primeiro en etiquetar este rexistro!
|
MARC
| LEADER | 00000nam a22000007i 4500 | ||
|---|---|---|---|
| 001 | IT\ICCU\UM1\0134818 | ||
| 003 | ItRI | ||
| 005 | 20260115232205.0 | ||
| 008 | 130531s2013 it |||||| ||||| |||||c | ||
| 020 | |a 9788898312016 | ||
| 040 | |b ita |c importazione bologna sebina | ||
| 041 | 7 | |a ita |2 ISO-639-2 | |
| 100 | 1 | |a Pardi, Francesca |0 IT\ICCU\UBOV\121343 |4 aut | |
| 240 | 1 | 4 | |a Una mamma e basta |3 IT\ICCU\BCT\0007385 |9 Pardi, Francesca |
| 245 | 1 | 4 | |a Una mamma e basta / |c Francesca Pardi ; illustrazioni di Ursula Bucher. |
| 260 | |a [Milano] : |b Lo Stampatello, |c 2013 | ||
| 300 | |a 1 volume : |b in gran parte ill. ; |c 23 cm | ||
| 520 | |a A casa di Camilla sono in tre: lei, sua mamma e il cane Gimmy. Come per tutti, la sua è la famiglia più bella del mondo, eppure un giorno la supplente le assegna un compito veramente impossibile: Disegno il papà che vorrei avere... Terzo della serie Piccola storia di una famiglia, un libro che parla di bambini con un solo genitore, per sottolineare come ogni famiglia abbia la sua forma particolare, un intero da rispettare. Età di lettura: da 6 anni. | ||
| 700 | 1 | |a Bucher, Ursula |0 IT\ICCU\UBOV\052338 |4 ill | |
| 830 | 0 | |a Piccola storia di una famiglia ; |v 4 |0 IT\ICCU\RAV\1952791 | |
| 942 | |2 ddc |c BK |n 0 | ||
| 952 | |0 0 |1 0 |4 0 |6 R_853_920000000000000_PAR |7 0 |9 21673 |a BO |b BO |d 2026-01-15 |i 18128 |l 0 |o R 853.92 PAR |p BO18128 |r 2026-01-15 23:22:05 |w 2026-01-15 |x [Sebina 5] [1 v.] |y BK |z 1 v. | ||
| 999 | |c 18511 |d 18511 | ||